000 00589nam a22002177a 4500
003 LK-CoDNM
005 20250103095914.0
008 250103b |||||||| |||| 00| 0 eng d
040 _aLK-CoDNM
_dLK-CoDNM
_eLK-CoDNM
041 _aeng
080 _a3
_bW1
100 _aTrimen roland f.l.s
245 _aSouth African butterflies trimen
246 _aextra-tropical species
260 _alondon
_btrubner & Co., ludgate hill
_c1887
300 _axiv, 355p. : ill . map ; 27 cm
490 _amymphalide
_vvol . i
650 _ascience
650 _aanimal
942 _cBK
999 _c234693
_d234693